| 000 | 01116nam a2200289 a 4500 | ||
|---|---|---|---|
| 001 | ebr10651464 | ||
| 003 | CaPaEBR | ||
| 006 | m u | ||
| 007 | cr cn||||||||| | ||
| 008 | 130208s2012 enkab s 000 0 eng d | ||
| 020 | _z9781841504148 | ||
| 020 | _z9781841508054 (e-book) | ||
| 040 |
_aCaPaEBR _cCaPaEBR |
||
| 035 | _a(OCoLC)828743426 | ||
| 041 | 1 |
_aeng _hpol |
|
| 050 | 1 | 4 |
_aPG7445.E5 _bI58 2012eb |
| 245 | 0 | 0 |
_aInvisible country _h[electronic resource] : _bfour Polish plays / _cedited & translated by Teresa Murjas. |
| 260 |
_aBristol : _bIntellect, _c2012. |
||
| 300 |
_a295 p. : _bill., map. |
||
| 440 | 0 |
_aPlaytext series, _x1754-0933 |
|
| 533 |
_aElectronic reproduction. _bPalo Alto, Calif. : _cebrary, _d2013. _nAvailable via World Wide Web. _nAccess may be limited to ebrary affiliated libraries. |
||
| 650 | 0 |
_aPolish drama _vTranslations into English. |
|
| 655 | 7 |
_aElectronic books. _2local |
|
| 700 | 1 | _aMurjas, Teresa. | |
| 710 | 2 | _aebrary, Inc. | |
| 856 | 4 | 0 |
_uhttp://site.ebrary.com/lib/rucke/Doc?id=10651464 _zAn electronic book accessible through the World Wide Web; click to view |
| 999 |
_c173824 _d173824 |
||